000 00763nas a2200241 4500
001 BR2013003027
003 BR-BrBNA
005 20231205122231.0
007 ta
008 230509b bl.|||p| |||| 00| 00por d
040 _aBR-BrBNA
_bpor
_cBiblioteca Nacional de Agricultura
041 _a(Pt)
072 _aL60
100 1 _aLopes, S.M.
100 1 _aOliveira, E.H. de
245 1 _aDuas espécies novas de Lophoblatta (Blattellidae, Pseudophyllodromiinae)coletadas na Mata Atlântica, Rio de Janeiro
650 _aBARATA
650 _aINSETO
650 _aTAXONOMIA
773 0 _tIheringia. Série Zoologia (Brazil)
_xISSN 0073-4721
_g(Mar 2010), v. 100(1) p. 55-58
_wBR2013003027
909 _a202311
_bLúcia
_c55
_dLúcia Elande
942 _2AGRIS
_n0
_cANA
999 _c227601
_d227601